000 00229nam a22000857a 4500
008 161115b xxu||||| |||| 00| 0 eng d
100 _91210
_aFutehally. L
245 _aThis earth of ours
260 _aNew delhi
_bNational bool trust
_c2006
999 _c3901
_d3901